| 000 | 00711nam a22002177a 4500 | ||
|---|---|---|---|
| 999 |
_c12259 _d12259 |
||
| 003 | AR-CdUCM | ||
| 008 | 190408b ||||| |||| 00| 0 spa d | ||
| 040 |
_aMUNICIPALIDAD PROVINCIAL DEL CUSCO _cBIBLIOTECA MUNICIPAL DEL CUSCO |
||
| 082 |
_a985.411 / _bB49 / 1945 |
||
| 100 |
_aBermejo, Vladimiro _91790 |
||
| 245 |
_aPanorama intelectual de Arequipa : _b1540-1940 / |
||
| 260 |
_aArequipa : _bTip. S. Quiroz, _c1945. |
||
| 300 |
_a219 - 242 Páginas ; _c19 cm. |
||
| 500 | _aDatos de la cubierta. | ||
| 505 | _aContenido: Arequipa intelectual siglo XX. | ||
| 650 |
_aArequipa _91703 |
||
| 650 |
_aIntelectual _923591 |
||
| 650 |
_aArequipa Perú _97078 |
||
| 942 |
_2ddc _cLIBROS |
||
| 945 |
_adavv _d08/04/2019 |
||